Kanathaya marangalude dweep(കാണാതായ മരങ്ങളുടെ ദ്വീപ്) (Record no. 115247)

MARC details
000 -LEADER
fixed length control field 00582 a2200181 4500
005 - DATE AND TIME OF LATEST TRANSACTION
control field 20260417144629.0
008 - FIXED-LENGTH DATA ELEMENTS--GENERAL INFORMATION
fixed length control field 260417b |||||||| |||| 00| 0 eng d
020 ## - INTERNATIONAL STANDARD BOOK NUMBER
International Standard Book Number 9789370986831
080 ## - UNIVERSAL DECIMAL CLASSIFICATION NUMBER
Universal Decimal Classification number FM
Item number SHA/K
100 ## - MAIN ENTRY--PERSONAL NAME
Personal name Shafak,Elif
245 ## - TITLE STATEMENT
Title Kanathaya marangalude dweep(കാണാതായ മരങ്ങളുടെ ദ്വീപ്)
260 ## - PUBLICATION, DISTRIBUTION, ETC. (IMPRINT)
Name of publisher, distributor, etc D C books.
Place of publication, distribution, etc Kottayam.
Date of publication, distribution, etc 2025.
300 ## - PHYSICAL DESCRIPTION
Extent 400p.
500 ## - GENERAL NOTE
General note Malayalam Translation of "The Island of Missing Trees"
653 ## - INDEX TERM--UNCONTROLLED
Uncontrolled term Fiction-Novel-Malayalam Translation.
700 ## - ADDED ENTRY--PERSONAL NAME
Personal name Sonia Refeeq;tr.by
942 ## - ADDED ENTRY ELEMENTS (KOHA)
item type Books
Holdings
Lost status Source of classification or shelving scheme Not for loan Home library Current library Date acquired Cost, normal purchase price Total Checkouts Full call number Barcode Date last seen Cost, replacement price Price effective from Koha item type Public note
  Universal Decimal Classification Not For Loan University Library University Library 27/02/2026 320.02   FM SHA/K 00097326 27/02/2026 480.00 27/02/2026 Books Processing
University Library, CUSAT